How children learn

Saved in:
Bibliographic Details
Main Author: MACBLAIN, Sean
Format: Book
Language:English
Published: Sage Publications 2014
Tags: Add Tag
No Tags, Be the first to tag this record!

MARC

LEADER 00000nam a22000007a 4500
008 210121b ||||| |||| 00| 0 eng d
020 |a 978-1-4462-7218-3 
100 |a MACBLAIN, Sean. 
245 |a How children learn  |c Sean Macblain  |g  xi: 256p; ill. 
260 |b Sage Publications  |c 2014  |h Los Angeles  |i 692257  |i 692258  |l LB1060 .M11  |m Learning.   |m Education.  |m Cognition in children  |m Child development.  
942 |a lcc  |c BK  |e YUNUSA, A.A  |f 21/01/2021 
952 |0 0  |1 0  |2 lcc  |4 0  |6 LB1060 M11  |7 0  |9 1357  |a HOL  |b ED  |c LP  |d 2021-01-21  |o LB1060 .M11  |p 2021-0162  |r 2021-01-21 00:00:00  |w 2021-01-21  |y BK 
952 |0 0  |1 0  |2 lcc  |4 0  |6 LB1060 M11  |7 0  |9 1358  |a HOL  |b HOL  |c LP  |d 2021-01-21  |l 0  |o LB1060 .M11  |p 2021-0163  |r 2021-01-21 00:00:00  |w 2021-01-21  |y BK 
999 |c 706  |d 706